00435nam a2200157Ia 4500008004100000082001000041100001600051245004000067260001800107300000800125365000600133520002900139630004000168650002900208730004000237100917s9999 xx 000 0 und d b47220 aEnid Blyton aThe Mystery Of The Missing Necklace bMethuenc1970 a163 b0 aबालविभाग aThe Mystery Of The Missing Necklace aबालविभाग aThe Mystery Of The Missing Necklace